Invasion dynamics (Record no. 5933)

MARC details
000 -LEADER
fixed length control field 00601nam a22002297a 4500
003 - CONTROL NUMBER IDENTIFIER
control field OSt
005 - DATE AND TIME OF LATEST TRANSACTION
control field 20220107122835.0
008 - FIXED-LENGTH DATA ELEMENTS--GENERAL INFORMATION
fixed length control field 171124b xxu||||| |||| 00| 0 eng d
020 ## - INTERNATIONAL STANDARD BOOK NUMBER
International Standard Book Number 9780198745341
040 ## - CATALOGING SOURCE
Transcribing agency IIITMK
082 ## - DEWEY DECIMAL CLASSIFICATION NUMBER
Classification number 577.18 HUI/I
100 ## - MAIN ENTRY--PERSONAL NAME
Personal name Hui, Cang
9 (RLIN) 13400
245 ## - TITLE STATEMENT
Title Invasion dynamics
260 ## - PUBLICATION, DISTRIBUTION, ETC.
Place of publication, distribution, etc. UK,
Name of publisher, distributor, etc. Oxford University Press,
Date of publication, distribution, etc. 2017.
300 ## - PHYSICAL DESCRIPTION
Extent x, 322p.
650 ## - SUBJECT ADDED ENTRY--TOPICAL TERM
Topical term or geographic name entry element ECOLOGY
9 (RLIN) 13401
650 ## - SUBJECT ADDED ENTRY--TOPICAL TERM
Topical term or geographic name entry element BIOLOGICAL INVASIONS
9 (RLIN) 13402
650 ## - SUBJECT ADDED ENTRY--TOPICAL TERM
Topical term or geographic name entry element INVASION ECOLOGY
9 (RLIN) 13403
650 ## - SUBJECT ADDED ENTRY--TOPICAL TERM
Topical term or geographic name entry element INVASION SCIENCE
9 (RLIN) 13467
700 ## - ADDED ENTRY--PERSONAL NAME
Personal name Richardson, David M.
9 (RLIN) 13404
942 ## - ADDED ENTRY ELEMENTS (KOHA)
Source of classification or shelving scheme Dewey Decimal Classification
Koha item type Books
Holdings
Withdrawn status Lost status Source of classification or shelving scheme Damaged status Not for loan Collection code Home library Current library Shelving location Date acquired Cost, normal purchase price Total Checkouts Full call number Barcode Date last seen Date last checked out Price effective from Koha item type
    Dewey Decimal Classification     Non Fiction Kerala University of Digital Sciences, Innovation and Technology Knowledge Centre Kerala University of Digital Sciences, Innovation and Technology Knowledge Centre Ecology 24/11/2017 2702.00 4 577.18 HUI/I 4995 06/03/2025 27/01/2025 24/11/2017 Books